[Event "19. Obert Int. Sant Marti 2017"]
[Site "Barcelona ESP"]
[Date "2017.07.18"]
[Round "6.72"]
[White "Catala Ulied, Bernat"]
[Black "Vazquez Moreno, Josep M"]
[Result "1/2-1/2"]
[WhiteElo "1761"]
[BlackElo "1991"]
[PlyCount "103"]
[EventDate "2017.07.13"]
[EventType "swiss"]
[EventRounds "9"]
[EventCountry "ESP"]
[SourceTitle "Ajedrez en Madrid"]
[Source "lmi"]
[SourceDate "2017.07.13"]
[SourceVersion "1"]
[SourceVersionDate "2019.06.21"]
[SourceQuality "1"]

1. d4 Nf6 2. Nf3 d6 3. g3 g6 4. Bg2 Bg7 5. O-O O-O 6. c4 Nbd7 7. Nc3 e5 8. dxe5
dxe5 9. Qc2 c6 10. b3 Re8 11. Ba3 Qa5 12. Bb2 Qc5 13. Nd2 Qe7 14. Rad1 Nf8 15.
Nde4 Bf5 16. Qc1 Nxe4 17. Nxe4 Bxe4 18. Bxe4 Rad8 19. Ba3 Qc7 20. Rxd8 Rxd8 21.
Bxf8 Bxf8 22. Bc2 Rd4 23. e3 Rd7 24. Rd1 f6 25. Rxd7 Qxd7 26. Qd1 Qxd1+ 27.
Bxd1 e4 28. h4 Kf7 29. f4 exf3 30. Bxf3 Ke6 31. a4 a5 32. Kf2 Kd6 33. Ke2 Kc5
34. Kd3 Kb4 35. Kc2 Bc5 36. g4 Bxe3 37. h5 f5 38. hxg6 hxg6 39. gxf5 gxf5 40.
Bh5 Bf2 41. Bf3 Kc5 42. Kd3 Kd6 43. Ke2 Bg1 44. Kd3 Ke5 45. Bd1 Kf4 46. Bh5 Kg3
47. Bd1 Kf2 48. Bh5 Ke1 49. Bf3 Bc5 50. Bh5 Kf2 51. Bg6 f4 52. Bh5 1/2-1/2

[Event "19. Obert Int. Sant Marti 2017"]
[Site "Barcelona ESP"]
[Date "2017.07.18"]
[Round "6.73"]
[White "Alcaraz Lopez, Francesc"]
[Black "Monroy G., Nataly A."]
[Result "0-1"]
[WhiteElo "1811"]
[BlackElo "1947"]
[PlyCount "114"]
[EventDate "2017.07.13"]
[EventType "swiss"]
[EventRounds "9"]
[EventCountry "ESP"]
[SourceTitle "Ajedrez en Madrid"]
[Source "lmi"]
[SourceDate "2017.07.13"]
[SourceVersion "1"]
[SourceVersionDate "2019.06.21"]
[SourceQuality "1"]

1. c4 e5 2. Nc3 Nc6 3. Nf3 f5 4. d3 h6 5. a3 Nf6 6. b4 d6 7. g3 g6 8. Bg2 Bg7
9. O-O O-O 10. Bb2 g5 11. Qd2 Ne7 12. c5 Ng6 13. cxd6 cxd6 14. Rac1 a6 15. b5
g4 16. Ne1 d5 17. bxa6 bxa6 18. Nc2 Be6 19. a4 d4 20. Nb1 Bd5 21. Bxd5+ Nxd5
22. Nba3 Rb8 23. Nc4 Qf6 24. e3 Qg5 25. Qa5 Nc3 26. Bxc3 dxc3 27. Qxc3 f4 28.
e4 f3 29. N2e3 Nf4 30. Rc2 Ne2+ 31. Rxe2 fxe2 32. Re1 h5 33. Qd2 Rf3 34. Qxe2
Rbf8 35. Nf5 Qd8 36. Nce3 Qd7 37. Qc2 Kh8 38. Rc1 Bf6 39. Nd5 Rxf5 40. Qc5 Bg5
41. exf5 Qxf5 42. Rf1 Bh6 43. Qc4 Rd8 44. Qxa6 Bg7 45. Qc4 Rc8 46. Qb5 Qf3 47.
a5 Rd8 48. Ne3 Qf6 49. Qb7 Qf8 50. Rd1 Rb8 51. Qd5 Rd8 52. Qe4 Qc5 53. Nc4 Rf8
54. Rd2 Qb5 55. Rb2 Qa4 56. Qe2 e4 57. Ra2 exd3 0-1

[Event "19. Obert Int. Sant Marti 2017"]
[Site "Barcelona ESP"]
[Date "2017.07.18"]
[Round "6.74"]
[White "Jijo, Joy"]
[Black "Barragan Hernandez, Manel"]
[Result "1-0"]
[WhiteElo "1647"]
[BlackElo "1936"]
[PlyCount "45"]
[EventDate "2017.07.13"]
[EventType "swiss"]
[EventRounds "9"]
[EventCountry "ESP"]
[SourceTitle "Ajedrez en Madrid"]
[Source "lmi"]
[SourceDate "2017.07.13"]
[SourceVersion "1"]
[SourceVersionDate "2019.06.21"]
[SourceQuality "1"]

1. e4 d5 2. exd5 Qxd5 3. Nc3 Qd8 4. Bc4 Bf5 5. Qf3 e6 6. Qxb7 Nd7 7. Nb5 Bd6 8.
Nxd6+ cxd6 9. d3 Ngf6 10. Ne2 O-O 11. Nd4 Bg6 12. Nc6 Qe8 13. Be3 a5 14. O-O
Kh8 15. Rfe1 Ng8 16. Bb5 a4 17. Na7 Ngf6 18. Bxa4 Rb8 19. Qc7 d5 20. Bd4 Rb4
21. Bxd7 Nxd7 22. Bxg7+ Kxg7 23. Qc3+ 1-0

[Event "19. Obert Int. Sant Marti 2017"]
[Site "Barcelona ESP"]
[Date "2017.07.18"]
[Round "6.75"]
[White "Brunet Gil, Pol"]
[Black "Lorenzo Martinez, Ruben"]
[Result "1-0"]
[WhiteElo "1906"]
[BlackElo "1490"]
[PlyCount "75"]
[EventDate "2017.07.13"]
[EventType "swiss"]
[EventRounds "9"]
[EventCountry "ESP"]
[SourceTitle "Ajedrez en Madrid"]
[Source "lmi"]
[SourceDate "2017.07.13"]
[SourceVersion "1"]
[SourceVersionDate "2019.06.21"]
[SourceQuality "1"]

1. e4 c5 2. Nf3 Nc6 3. d4 cxd4 4. Nxd4 g6 5. c4 Bg7 6. Be3 Nf6 7. Nc3 O-O 8.
Be2 e6 9. O-O d5 10. exd5 exd5 11. Nxc6 bxc6 12. cxd5 cxd5 13. Bd4 Be6 14. Bf3
Re8 15. Re1 Qa5 16. Qa4 Qxa4 17. Nxa4 Rad8 18. Nc3 a6 19. Rad1 Ne4 20. Bxg7
Kxg7 21. Ne2 Ng5 22. Nd4 Nxf3+ 23. Nxf3 f6 24. Nd4 Bf7 25. Kf1 Rxe1+ 26. Rxe1
Re8 27. Rxe8 Bxe8 28. Ne6+ Kf7 29. Nc7 Bb5+ 30. Nxb5 axb5 31. Ke2 Ke6 32. Kd3
Kd6 33. Kd4 Kc6 34. a3 f5 35. f4 Kd6 36. b3 Kc6 37. a4 b4 38. h4 1-0

[Event "19. Obert Int. Sant Marti 2017"]
[Site "Barcelona ESP"]
[Date "2017.07.18"]
[Round "6.76"]
[White "Severri Arrese, Carlos"]
[Black "Colome Rovira, Oscar"]
[Result "1-0"]
[WhiteElo "1904"]
[BlackElo "1865"]
[PlyCount "98"]
[EventDate "2017.07.13"]
[EventType "swiss"]
[EventRounds "9"]
[EventCountry "ESP"]
[SourceTitle "Ajedrez en Madrid"]
[Source "lmi"]
[SourceDate "2017.07.13"]
[SourceVersion "1"]
[SourceVersionDate "2019.06.21"]
[SourceQuality "1"]

1. d4 Nf6 2. Bg5 d5 3. Nf3 e6 4. e3 c5 5. c3 Nc6 6. Nbd2 cxd4 7. exd4 Be7 8.
Bd3 O-O 9. O-O h6 10. Bh4 Bd7 11. Qe2 a5 12. a4 Nh7 13. Bxe7 Qxe7 14. Ne5 Nxe5
15. dxe5 f5 16. f4 Qc5+ 17. Qf2 Qxf2+ 18. Rxf2 g5 19. g3 Rf7 20. Nb3 b6 21. Nd4
gxf4 22. gxf4 Rg7+ 23. Rg2 Rxg2+ 24. Kxg2 Kf7 25. Be2 Rg8+ 26. Kf2 Nf8 27. Bf3
Ke7 28. Ke3 Be8 29. b4 Kd8 30. bxa5 bxa5 31. Rc1 Rg7 32. Be2 Rg2 33. Rb1 Bxa4
34. Ra1 Bd7 35. Rxa5 Rxh2 36. Ra8+ Ke7 37. Ra7 Rh3+ 38. Kd2 Ke8 39. Ra8+ Kf7
40. Ra7 Kg8 41. c4 dxc4 42. Bxc4 Kf7 43. Nxf5 Kg6 44. Nd4 h5 45. f5+ exf5 46.
e6 Be8 47. Ra8 Rh4 48. Kc3 Rh3+ 49. Kb4 Rh4 1-0

[Event "19. Obert Int. Sant Marti 2017"]
[Site "Barcelona ESP"]
[Date "2017.07.19"]
[Round "7.1"]
[White "Fernandez, Fernando"]
[Black "Grigoryan, Karen H."]
[Result "1/2-1/2"]
[WhiteElo "2424"]
[BlackElo "2555"]
[PlyCount "23"]
[EventDate "2017.07.13"]
[EventType "swiss"]
[EventRounds "9"]
[EventCountry "ESP"]
[SourceTitle "Ajedrez en Madrid"]
[Source "lmi"]
[SourceDate "2017.07.13"]
[SourceVersion "1"]
[SourceVersionDate "2019.06.21"]
[SourceQuality "1"]

1. e4 e5 2. Nf3 Nc6 3. Bb5 a6 4. Ba4 Nf6 5. O-O Be7 6. d3 d6 7. c3 O-O 8. Re1
b5 9. Bc2 Bb7 10. Nbd2 Re8 11. Nf1 Bf8 12. Bg5 1/2-1/2

[Event "19. Obert Int. Sant Marti 2017"]
[Site "Barcelona ESP"]
[Date "2017.07.19"]
[Round "7.2"]
[White "Burmakin, Vladimir"]
[Black "Rios, Cristhian Camilo"]
[Result "1/2-1/2"]
[WhiteElo "2505"]
[BlackElo "2477"]
[PlyCount "41"]
[EventDate "2017.07.13"]
[EventType "swiss"]
[EventRounds "9"]
[EventCountry "ESP"]
[SourceTitle "Ajedrez en Madrid"]
[Source "lmi"]
[SourceDate "2017.07.13"]
[SourceVersion "1"]
[SourceVersionDate "2019.06.21"]
[SourceQuality "1"]

1. Nf3 Nf6 2. g3 b5 3. e3 a6 4. b3 g6 5. Bg2 Bb7 6. O-O Bg7 7. d4 O-O 8. Bb2 d6
9. c4 bxc4 10. bxc4 Nbd7 11. Nbd2 Rb8 12. Qc2 e6 13. c5 dxc5 14. Ba3 Re8 15.
dxc5 Bc6 16. Nd4 Bxg2 17. Kxg2 Ne5 18. Rab1 Qd5+ 19. Kg1 Nc6 20. Nxc6 Qxc6 21.
Bb2 1/2-1/2

[Event "19. Obert Int. Sant Marti 2017"]
[Site "Barcelona ESP"]
[Date "2017.07.19"]
[Round "7.3"]
[White "Arvola, Benjamin"]
[Black "Cuartas, Jaime Alexander"]
[Result "0-1"]
[WhiteElo "2469"]
[BlackElo "2501"]
[PlyCount "148"]
[EventDate "2017.07.13"]
[EventType "swiss"]
[EventRounds "9"]
[EventCountry "ESP"]
[SourceTitle "Ajedrez en Madrid"]
[Source "lmi"]
[SourceDate "2017.07.13"]
[SourceVersion "1"]
[SourceVersionDate "2019.06.21"]
[SourceQuality "1"]

1. d4 d5 2. c4 e5 3. dxe5 d4 4. Nf3 Nc6 5. a3 Nge7 6. b4 Ng6 7. Bb2 a5 8. b5
Ncxe5 9. Qxd4 Qxd4 10. Bxd4 Nxc4 11. e3 Nd6 12. h4 h6 13. Nbd2 Bd7 14. a4 Nf5
15. Bb2 f6 16. h5 Nge7 17. Rc1 O-O-O 18. e4 Nd6 19. Nd4 Kb8 20. f3 Nec8 21.
N2b3 Nb6 22. Nc5 Nf7 23. Nde6 Bxe6 24. Nxe6 Rd7 25. Bc3 Ng5 26. Nxf8 Rxf8 27.
Ra1 Ne6 28. Bxa5 Rd4 29. Bd2 Rfd8 30. Be3 Rxa4 31. Rxa4 Nxa4 32. Kf2 Rd1 33.
Rh4 Nb2 34. Rg4 Rd7 35. Be2 Kc8 36. Rg6 Nf8 37. Rg3 Ne6 38. f4 Kd8 39. Bc1 Na4
40. Rd3 Rxd3 41. Bxd3 Nec5 42. Ke3 Nxd3 43. Kxd3 Nc5+ 44. Ke3 Nd7 45. Ba3 Ke8
46. Kd4 c6 47. bxc6 bxc6 48. Kc4 Kf7 49. g4 Ke6 50. Kb4 Kf7 51. Ka5 f5 52. gxf5
Nf6 53. e5 Nxh5 54. e6+ Ke8 55. Kb6 Ng3 56. Kxc6 h5 57. Bc5 h4 58. Bg1 h3 59.
Kd5 Nf1 60. Ke5 h2 61. Bxh2 Nxh2 62. f6 Ng4+ 63. Kf5 Nxf6 64. Kg6 Kf8 65. Kg5
Kg8 66. Kg6 Ne8 67. Kf5 Kh7 68. Kg5 Nd6 69. Kh5 g6+ 70. Kg5 Ne4+ 71. Kg4 Kh6
72. e7 Nd6 73. Kf3 Kg7 74. Kg4 Kf6 0-1

[Event "19. Obert Int. Sant Marti 2017"]
[Site "Barcelona ESP"]
[Date "2017.07.19"]
[Round "7.4"]
[White "Peralta, Fernando"]
[Black "Quirhuayo Chumbe, German Gonzalo"]
[Result "1/2-1/2"]
[WhiteElo "2564"]
[BlackElo "2376"]
[PlyCount "87"]
[EventDate "2017.07.13"]
[EventType "swiss"]
[EventRounds "9"]
[EventCountry "ESP"]
[SourceTitle "Ajedrez en Madrid"]
[Source "lmi"]
[SourceDate "2017.07.13"]
[SourceVersion "1"]
[SourceVersionDate "2019.06.21"]
[SourceQuality "1"]

1. d4 Nf6 2. c4 g6 3. Nc3 Bg7 4. e4 O-O 5. Be3 d6 6. Be2 e5 7. d5 a5 8. g4 Na6
9. g5 Ne8 10. h4 f5 11. gxf6 Nxf6 12. h5 Nc5 13. Bxc5 dxc5 14. hxg6 hxg6 15.
Qd3 Ra6 16. Qg3 Qe8 17. O-O-O Nh5 18. Bxh5 gxh5 19. f3 Rg6 20. Qf2 b6 21. Kb1
Qf7 22. Rf1 Bg4 23. Qh2 Rf6 24. a3 Rh6 25. Nh3 Rf6 26. Rfg1 Rxf3 27. Ng5 Qf4
28. Nxf3 Bxf3 29. Ka2 Rf7 30. Qh3 Bxh1 31. Rxh1 Rf6 32. Qc8+ Bf8 33. Qxc7 h4
34. Qd7 Rh6 35. Qc8 Qf3 36. Rg1+ Kh8 37. Rg5 Rf6 38. d6 Qd3 39. Rh5+ Kg8 40.
Qg4+ Bg7 41. Qc8+ Bf8 42. Qg4+ Bg7 43. Qc8+ Bf8 44. Qg4+ 1/2-1/2

[Event "19. Obert Int. Sant Marti 2017"]
[Site "Barcelona ESP"]
[Date "2017.07.19"]
[Round "7.5"]
[White "Salinas Herrera, Pablo"]
[Black "Henriquez Villagra, Cristobal"]
[Result "1/2-1/2"]
[WhiteElo "2438"]
[BlackElo "2532"]
[PlyCount "20"]
[EventDate "2017.07.13"]
[EventType "swiss"]
[EventRounds "9"]
[EventCountry "ESP"]
[SourceTitle "Ajedrez en Madrid"]
[Source "lmi"]
[SourceDate "2017.07.13"]
[SourceVersion "1"]
[SourceVersionDate "2019.06.21"]
[SourceQuality "1"]

1. Nf3 Nf6 2. g3 g6 3. Bg2 Bg7 4. O-O O-O 5. d4 d5 6. c3 c6 7. Bf4 Bf5 8. Qb3
Qb6 9. Nbd2 Nbd7 10. h3 h5 1/2-1/2

[Event "19. Obert Int. Sant Marti 2017"]
[Site "Barcelona ESP"]
[Date "2017.07.19"]
[Round "7.6"]
[White "Oblitas, Carlomagno"]
[Black "Arizmendi Martinez, Julen Luis"]
[Result "1/2-1/2"]
[WhiteElo "2395"]
[BlackElo "2511"]
[PlyCount "132"]
[EventDate "2017.07.13"]
[EventType "swiss"]
[EventRounds "9"]
[EventCountry "ESP"]
[SourceTitle "Ajedrez en Madrid"]
[Source "lmi"]
[SourceDate "2017.07.13"]
[SourceVersion "1"]
[SourceVersionDate "2019.06.21"]
[SourceQuality "1"]

1. Nf3 d5 2. d4 Nf6 3. Bf4 c5 4. e3 Nc6 5. Be2 cxd4 6. exd4 Qb6 7. Nc3 Bg4 8.
O-O e6 9. Na4 Qd8 10. Re1 Bxf3 11. Bxf3 Be7 12. c3 b6 13. c4 Rc8 14. Nc3 O-O
15. cxd5 Nxd5 16. Nxd5 exd5 17. Qa4 b5 18. Qd1 Bf6 19. Bg4 Ra8 20. Rc1 Qb6 21.
Bd6 Bxd4 22. Bxf8 Bxf2+ 23. Kf1 Rxf8 24. Re2 Bh4 25. Qxd5 Nd4 26. Re4 Nf3 27.
Ke2 Qf2+ 28. Kd1 Ng5 29. Re2 Qg1+ 30. Kc2 Qxh2 31. Qe5 Bg3 32. Qxg5 Bf4 33. Rh1
Qxh1 34. Qxf4 g6 35. Qd2 Qh4 36. Bf3 Rd8 37. Qe1 Qa4+ 38. Kc1 Kg7 39. b3 Qd4
40. Kb1 h5 41. Re4 Qd3+ 42. Kb2 Rc8 43. Qd1 Qc3+ 44. Kb1 Kf8 45. Re2 Qf6 46.
Qd2 h4 47. Qh6+ Kg8 48. Qe3 Rc3 49. Qe5 Qxe5 50. Rxe5 h3 51. Kb2 b4 52. Re1 Kg7
53. Rh1 hxg2 54. Bxg2 f5 55. Rd1 g5 56. Rd4 Re3 57. Bb7 a5 58. Rd5 Kf6 59. Rxa5
g4 60. Bc8 Rf3 61. Bb7 Rf2+ 62. Kc1 g3 63. Ra4 g2 64. Bxg2 Rxg2 65. Rxb4 Rxa2
66. Kd1 Ke5 1/2-1/2

[Event "19. Obert Int. Sant Marti 2017"]
[Site "Barcelona ESP"]
[Date "2017.07.19"]
[Round "7.7"]
[White "Karim, Ismael"]
[Black "Asis Gargatagli, Hipolito"]
[Result "0-1"]
[WhiteElo "2361"]
[BlackElo "2505"]
[PlyCount "90"]
[EventDate "2017.07.13"]
[EventType "swiss"]
[EventRounds "9"]
[EventCountry "ESP"]
[SourceTitle "Ajedrez en Madrid"]
[Source "lmi"]
[SourceDate "2017.07.13"]
[SourceVersion "1"]
[SourceVersionDate "2019.06.21"]
[SourceQuality "1"]

1. e4 c5 2. Nf3 d6 3. d4 cxd4 4. Nxd4 Nf6 5. Nc3 a6 6. Be2 e5 7. Nb3 Be7 8. Be3
Be6 9. Nd5 Nbd7 10. Qd3 O-O 11. c4 b5 12. cxb5 axb5 13. O-O Bxd5 14. exd5 Nb6
15. Bxb6 Qxb6 16. Qxb5 Qa7 17. Qd3 Rfb8 18. Kh1 Rb4 19. g3 Rab8 20. Kg2 g6 21.
Rfd1 Ne4 22. Qe3 Qd7 23. h4 f5 24. Rac1 f4 25. Qd3 Qa7 26. Rf1 Qxa2 27. Bf3
Nxg3 28. Ra1 Qxb3 29. Qxb3 Rxb3 30. fxg3 e4 31. Bxe4 Rxg3+ 32. Kh1 Rh3+ 33. Kg2
Re3 34. Bf3 Rxb2+ 35. Rf2 Rxf2+ 36. Kxf2 Bxh4+ 37. Kg2 Kg7 38. Ra7+ Be7 39. Ra4
g5 40. Kf2 Kf6 41. Ra8 Kf5 42. Rg8 Bf6 43. Rf8 Rxf3+ 44. Kxf3 g4+ 45. Ke2 h5
0-1

[Event "19. Obert Int. Sant Marti 2017"]
[Site "Barcelona ESP"]
[Date "2017.07.19"]
[Round "7.8"]
[White "Himanshu, Sharma"]
[Black "Zubritskiy, Artyom"]
[Result "1-0"]
[WhiteElo "2498"]
[BlackElo "2442"]
[PlyCount "69"]
[EventDate "2017.07.13"]
[EventType "swiss"]
[EventRounds "9"]
[EventCountry "ESP"]
[SourceTitle "Ajedrez en Madrid"]
[Source "lmi"]
[SourceDate "2017.07.13"]
[SourceVersion "1"]
[SourceVersionDate "2019.06.21"]
[SourceQuality "1"]

1. e4 c5 2. Nc3 d6 3. Nge2 e5 4. Nd5 Ne7 5. Nec3 Nbc6 6. Bc4 Nxd5 7. Nxd5 Be6
8. O-O Be7 9. a3 O-O 10. d3 Rb8 11. b4 b5 12. Bb3 Bg5 13. Be3 Bxe3 14. fxe3 a5
15. c3 Qg5 16. Qe1 Rfc8 17. Rf3 Kh8 18. Rg3 Qd8 19. Qd2 Qh4 20. Rb1 h6 21. Bc2
cxb4 22. cxb4 a4 23. Rf1 Rb7 24. Bd1 Ne7 25. Nf4 exf4 26. Rxf4 Qxg3 27. hxg3
Rbc7 28. d4 Ng6 29. Rf1 Rc3 30. Bh5 Rc2 31. Qd1 Ra2 32. d5 Bd7 33. Bxg6 fxg6
34. Rf7 Rcc2 35. Qd4 1-0

[Event "19. Obert Int. Sant Marti 2017"]
[Site "Barcelona ESP"]
[Date "2017.07.19"]
[Round "7.9"]
[White "Tissir, Mohamed"]
[Black "Oliva Castaneda, Kevel"]
[Result "0-1"]
[WhiteElo "2354"]
[BlackElo "2497"]
[PlyCount "62"]
[EventDate "2017.07.13"]
[EventType "swiss"]
[EventRounds "9"]
[EventCountry "ESP"]
[SourceTitle "Ajedrez en Madrid"]
[Source "lmi"]
[SourceDate "2017.07.13"]
[SourceVersion "1"]
[SourceVersionDate "2019.06.21"]
[SourceQuality "1"]

1. e4 c5 2. Nf3 d6 3. d4 cxd4 4. Nxd4 Nf6 5. Nc3 a6 6. Nb3 g6 7. Be2 Bg7 8. g4
Nc6 9. g5 Nd7 10. h4 b5 11. h5 Bb7 12. f4 Rc8 13. Nd5 e6 14. Ne3 Na5 15. Bf3
Nc4 16. c3 e5 17. h6 Bf8 18. fxe5 Ndxe5 19. Nd5 Bxd5 20. exd5 Be7 21. Rg1 O-O
22. Nd4 Qb6 23. Rg2 b4 24. Be4 bxc3 25. bxc3 Qa5 26. Ne2 f5 27. Bc2 f4 28. Bxf4
Rxf4 29. Nxf4 Qxc3+ 30. Ke2 Qe3+ 31. Kf1 Qxf4+ 0-1

[Event "19. Obert Int. Sant Marti 2017"]
[Site "Barcelona ESP"]
[Date "2017.07.19"]
[Round "7.10"]
[White "Narciso Dublan, Marc"]
[Black "Fenil, Shah"]
[Result "1-0"]
[WhiteElo "2516"]
[BlackElo "2267"]
[PlyCount "67"]
[EventDate "2017.07.13"]
[EventType "swiss"]
[EventRounds "9"]
[EventCountry "ESP"]
[SourceTitle "Ajedrez en Madrid"]
[Source "lmi"]
[SourceDate "2017.07.13"]
[SourceVersion "1"]
[SourceVersionDate "2019.06.21"]
[SourceQuality "1"]

1. e4 c5 2. Nf3 e6 3. d4 cxd4 4. Nxd4 Nc6 5. Nc3 Bb4 6. Nxc6 dxc6 7. Qxd8+ Kxd8
8. Bf4 Nf6 9. O-O-O+ Ke8 10. f3 Bd7 11. Be2 Nh5 12. Be3 e5 13. g3 Nf6 14. Nb1
Be6 15. Nd2 b5 16. Nb3 Nd7 17. a3 Bxb3 18. axb4 Be6 19. Rd6 Rc8 20. Rhd1 Nb6
21. f4 exf4 22. gxf4 g6 23. f5 gxf5 24. Bg5 Bd7 25. exf5 Rg8 26. h4 Nd5 27. Bh5
Rxg5 28. hxg5 Ke7 29. Rxd7+ Kxd7 30. Bxf7 Kd6 31. g6 hxg6 32. fxg6 Ke5 33. g7
Nf6 34. Re1+ 1-0

[Event "19. Obert Int. Sant Marti 2017"]
[Site "Barcelona ESP"]
[Date "2017.07.19"]
[Round "7.11"]
[White "Abhishek, Das"]
[Black "Perez Mitjans, Orelvis"]
[Result "1-0"]
[WhiteElo "2274"]
[BlackElo "2407"]
[PlyCount "95"]
[EventDate "2017.07.13"]
[EventType "swiss"]
[EventRounds "9"]
[EventCountry "ESP"]
[SourceTitle "Ajedrez en Madrid"]
[Source "lmi"]
[SourceDate "2017.07.13"]
[SourceVersion "1"]
[SourceVersionDate "2019.06.21"]
[SourceQuality "1"]

1. e4 c5 2. Nc3 Nc6 3. Bb5 g6 4. Bxc6 dxc6 5. f4 Bg7 6. Nf3 Nf6 7. O-O O-O 8.
d3 Bg4 9. Be3 Qa5 10. Qe1 Bxf3 11. Rxf3 c4 12. d4 Ng4 13. e5 f5 14. h3 Nxe3 15.
Rxe3 Qb6 16. Ne2 Qxb2 17. Rc3 Qb5 18. Rb1 Qa6 19. Qh4 Rfe8 20. Qg5 b5 21. a3
Rad8 22. h4 c5 23. dxc5 Rd2 24. Kf1 Qc6 25. h5 Red8 26. hxg6 hxg6 27. Re1 Kf7
28. Rg3 Rh8 29. Ng1 Qe6 30. c3 Rh1 31. Rh3 Rxh3 32. Nxh3 Ke8 33. Qg3 Bh6 34.
Nf2 g5 35. fxg5 Bg7 36. Nh3 Qd5 37. Nf4 Bxe5 38. Qe3 Qe4 39. Qxd2 Bxf4 40. Rxe4
Bxd2 41. Re6 Bxc3 42. Ra6 Bd4 43. c6 c3 44. Ke2 e5 45. g6 e4 46. Rxa7 e3 47.
Ra8+ Ke7 48. c7 1-0

[Event "19. Obert Int. Sant Marti 2017"]
[Site "Barcelona ESP"]
[Date "2017.07.19"]
[Round "7.12"]
[White "Smirnov, Artem"]
[Black "Kulkarni, Rakesh"]
[Result "1/2-1/2"]
[WhiteElo "2401"]
[BlackElo "2288"]
[PlyCount "96"]
[EventDate "2017.07.13"]
[EventType "swiss"]
[EventRounds "9"]
[EventCountry "ESP"]
[SourceTitle "Ajedrez en Madrid"]
[Source "lmi"]
[SourceDate "2017.07.13"]
[SourceVersion "1"]
[SourceVersionDate "2019.06.21"]
[SourceQuality "1"]

1. d4 Nf6 2. c4 e5 3. dxe5 Ng4 4. Bf4 g5 5. Bg3 Bg7 6. h4 Nxe5 7. hxg5 Qxg5 8.
Nc3 Nxc4 9. Rh4 b5 10. Re4+ Kf8 11. e3 Bb7 12. Bxc4 Bxc3+ 13. bxc3 Bxe4 14. Qd4
bxc4 15. Qxh8+ Qg8 16. Qe5 Qg6 17. Qxc7 Nc6 18. O-O-O Kg8 19. Qd6 Qg7 20. Qa3
Ne5 21. Bxe5 Qxe5 22. Nf3 Qb5 23. Nd4 Qb6 24. Qb4 Rb8 25. Qxb6 Rxb6 26. Nc2
Bxg2 27. Rxd7 Rf6 28. f4 h5 29. Rd2 Rg6 30. Ne1 Be4 31. Rh2 Rh6 32. Rh4 Kg7 33.
Nc2 Bxc2 34. Kxc2 f5 35. Rh2 h4 36. Kd2 Kg6 37. Ke2 Kh5 38. Kf3 Rg6 39. Rd2
Rg3+ 40. Kf2 Rh3 41. Rd7 Rh2+ 42. Kf3 Rh3+ 43. Kf2 Rh2+ 44. Kf3 Rxa2 45. Rh7+
Kg6 46. Rxh4 Rc2 47. Rh1 Ra2 48. Rb1 Ra3 1/2-1/2

[Event "19. Obert Int. Sant Marti 2017"]
[Site "Barcelona ESP"]
[Date "2017.07.19"]
[Round "7.13"]
[White "Iniyan, P."]
[Black "Deshmukh, Anup"]
[Result "1-0"]
[WhiteElo "2380"]
[BlackElo "2241"]
[PlyCount "57"]
[EventDate "2017.07.13"]
[EventType "swiss"]
[EventRounds "9"]
[EventCountry "ESP"]
[SourceTitle "Ajedrez en Madrid"]
[Source "lmi"]
[SourceDate "2017.07.13"]
[SourceVersion "1"]
[SourceVersionDate "2019.06.21"]
[SourceQuality "1"]

1. d4 Nf6 2. c4 g6 3. f3 Bg7 4. e4 d6 5. Be3 O-O 6. Ne2 c5 7. d5 e6 8. Nec3
exd5 9. cxd5 a6 10. a4 Nbd7 11. Be2 Rb8 12. O-O Re8 13. Na3 h5 14. Qc2 h4 15.
Rae1 Nh5 16. f4 Ng3 17. hxg3 hxg3 18. Bg4 Qh4 19. Bh3 Bxc3 20. bxc3 Nf6 21. f5
gxf5 22. Rf4 Qh7 23. exf5 b5 24. Bd2 Bd7 25. Qd3 Qg7 26. Rf3 c4 27. Qd4 bxa4
28. Qh4 Rxe1+ 29. Bxe1 1-0

[Event "19. Obert Int. Sant Marti 2017"]
[Site "Barcelona ESP"]
[Date "2017.07.19"]
[Round "7.14"]
[White "Buchenau, Frank"]
[Black "Vassallo Barroche, Mauricio"]
[Result "0-1"]
[WhiteElo "2279"]
[BlackElo "2376"]
[PlyCount "182"]
[EventDate "2017.07.13"]
[EventType "swiss"]
[EventRounds "9"]
[EventCountry "ESP"]
[SourceTitle "Ajedrez en Madrid"]
[Source "lmi"]
[SourceDate "2017.07.13"]
[SourceVersion "1"]
[SourceVersionDate "2019.06.21"]
[SourceQuality "1"]

1. e4 g6 2. d4 Bg7 3. Nc3 d6 4. Nf3 Nf6 5. Be2 O-O 6. O-O Nc6 7. d5 Nb8 8. h3
e5 9. dxe6 Bxe6 10. Bg5 Nc6 11. Qd2 Re8 12. Rad1 Qc8 13. Bh6 a6 14. Bxg7 Kxg7
15. Rfe1 h6 16. Bf1 Ne5 17. Nd4 Nc4 18. Qc1 b5 19. a4 b4 20. Nxe6+ fxe6 21. Na2
Na5 22. Qd2 Nc6 23. Nxb4 Nxb4 24. Qxb4 e5 25. a5 Rf8 26. Qd2 Qb7 27. Bd3 Qxb2
28. Rb1 Qa3 29. Qb4 Qxb4 30. Rxb4 Nd7 31. Rb7 Rfc8 32. Bc4 Nc5 33. Rb4 Rab8 34.
c3 Rf8 35. Re3 g5 36. Be2 Kf6 37. Rf3+ Ke7 38. h4 Ra8 39. Rh3 Rf7 40. hxg5 hxg5
41. Rh5 Kf6 42. Bg4 Kg6 43. Rh3 Kg7 44. Rh5 Kg6 45. Rh3 Rg7 46. Bf5+ Kf6 47.
Rh6+ Ke7 48. Kh2 Rf8 49. Kg3 Rf6 50. Rh8 Rf8 51. Rxf8 Kxf8 52. Rb8+ Ke7 53. Kg4
Kf6 54. Rf8+ Ke7 55. Rc8 Kf6 56. Ra8 Rf7 57. Rg8 Nb7 58. Rg6+ Ke7 59. Kxg5 Nxa5
60. f3 Nb7 61. Be6 Rh7 62. Bd5 Nc5 63. Rg8 a5 64. g4 Ne6+ 65. Bxe6 Kxe6 66.
Re8+ Re7 67. Ra8 Rf7 68. Ra7 c5 69. Rxa5 Rxf3 70. c4 Rf4 71. Kh5 Rxe4 72. Ra4
Re1 73. Kg6 e4 74. g5 Rg1 75. Ra8 Ke5 76. Re8+ Kd4 77. Kf6 Kxc4 78. Rxe4+ Kd3
79. Rh4 d5 80. Kf5 c4 81. Rh3+ Kd2 82. Rh4 Ke3 83. Rh3+ Kd4 84. Rh4+ Kc5 85.
Rh8 d4 86. Rc8+ Kb4 87. g6 d3 88. Rd8 Kc3 89. Kf6 Kc2 90. g7 d2 91. Kf7 c3 0-1

[Event "19. Obert Int. Sant Marti 2017"]
[Site "Barcelona ESP"]
[Date "2017.07.19"]
[Round "7.15"]
[White "Blasco Coll, Andreu"]
[Black "Morales, Jhon Alexander"]
[Result "0-1"]
[WhiteElo "2144"]
[BlackElo "2355"]
[PlyCount "108"]
[EventDate "2017.07.13"]
[EventType "swiss"]
[EventRounds "9"]
[EventCountry "ESP"]
[SourceTitle "Ajedrez en Madrid"]
[Source "lmi"]
[SourceDate "2017.07.13"]
[SourceVersion "1"]
[SourceVersionDate "2019.06.21"]
[SourceQuality "1"]

1. d4 d6 2. e4 Nf6 3. f3 e5 4. Ne2 Be7 5. Be3 c6 6. c4 Nbd7 7. Nbc3 a6 8. d5
O-O 9. Qd2 cxd5 10. cxd5 b5 11. g4 Ne8 12. Ng3 Bh4 13. O-O-O g6 14. Kb1 Nb6 15.
Bd3 Bd7 16. Rhg1 Kh8 17. Rc1 Nc4 18. Bxc4 bxc4 19. Nd1 Rc8 20. Bh6 Rg8 21. Ne3
Qb6 22. Rh1 Bb5 23. Rc3 Qd4 24. Rd1 Qxd2 25. Rxd2 Bd8 26. b4 Bb6 27. Nc2 a5 28.
a3 Ba4 29. Be3 Bd8 30. Kb2 f6 31. Bf2 Rg7 32. Ne3 Bb3 33. Ne2 Rb7 34. Nc1 axb4
35. axb4 Ba4 36. Na2 Bb5 37. Rdc2 Bb6 38. Ra3 Bd4+ 39. Kc1 c3 40. Bg1 Bd3 41.
Rg2 Nc7 42. Nc2 Nb5 43. Ra5 Bxc2 44. Kxc2 Bxg1 45. Rxg1 Nd4+ 46. Kd3 c2 47. Ra6
Nb3 48. Rc6 Ra8 49. Rxc2 Nd4 50. Rf2 Ra3+ 51. Nc3 Rxb4 52. Ra2 Rab3 53. Rf1 Nb5
54. Rc1 Rd4+ 0-1